000 00472nam a2200157Ia 4500
005 20260601193227.0
008 260601s9999||||xx |||||||||||||| ||und||
020 _a978-3-031-51004-5
_qebk
100 _aRobert Ciesla
245 4 _aThe Book of Chatbots
250 _a1st ed. 2024
260 _aHeidelberg, Germany
_bSpringer Nature
_c2024
650 _aComputer Science
856 _uhttps://link.springer.com/openurl?genre=book&isbn=978-3-031-51004-5
942 _cEB
_2ddc
999 _c55967
_d55967